000 00736nam a2200265Ia 4500
005 20260324153507.0
008 008 260324s9999 xx 000 0 eng d
020 _a9780443155482
037 _aEBOOK
040 _aCRL
040 _beng
040 _cCRL
041 _2eng
041 _aeng
084 _qCRL
100 _aJos Eggermont
_91231545
245 0 _aBrain Responses to Auditory Mismatch and Novelty Detection: Predictive Coding from Cocktail Parties to Auditory-Related Disorders
260 _bElsevier
260 _c2023
650 _aNeuroscience and Psychology
856 _uhttps://www.sciencedirect.com/science/book/9780443155482
942 _cEBOOK
999 _c1843125
_d1843125